[Event "Karlsruhe Grenke op"]
[Site "Karlsruhe"]
[Date "2019.04.20"]
[Round "4"]
[White "Benkovic, Petar"]
[Black "Heimrath, Reiner"]
[Result "1-0"]
[WhiteElo "2405"]
[BlackElo "2232"]
[PlyCount "36"]
[EventDate "2019.04.18"]
[EventType "swiss"]
[EventRounds "9"]
[EventCountry "GER"]
[SourceTitle "CBM 189 Extra"]
[Source "ChessBase"]
[SourceDate "2019.06.03"]
[SourceVersion "1"]
[SourceVersionDate "2019.06.03"]
[SourceQuality "1"]

1. Nf3 Nf6 2. g3 g6 3. b3 Bg7 4. Bb2 0-0 5. Bg2 c5 6. c4 d6 7. d4 Na6 8. 0-0 Rb8 9. Nc3 Bd7 10. Qd2 Qc8 11. Rac1 Qc6 12. dxc5 dxc5 13. Ne4 Bg4 14. Ne5 Rbe8 15. Rfd1 h6 16. Nf3 Qe6 17. a3 g5 18. Qc2 Rd8 1-0

[Event "BL2-Ost 1819"]
[Site "Germany"]
[Date "2019.02.03"]
[Round "6.8"]
[White "Ciolek, Andreas"]
[Black "Heimrath, Reiner"]
[Result "1/2-1/2"]
[WhiteElo "2297"]
[BlackElo "2232"]
[PlyCount "69"]
[EventDate "2018.11.10"]
[EventType "team-tourn"]
[EventRounds "10"]
[EventCountry "GER"]
[SourceTitle "CBM 190 Extra"]
[Source "ChessBase"]
[SourceDate "2019.07.15"]
[SourceVersion "1"]
[SourceVersionDate "2019.07.15"]
[SourceQuality "1"]
[WhiteTeam "Muenchen SC"]
[BlackTeam "Nuernberg NT"]
[WhiteTeamCountry "GER"]
[BlackTeamCountry "GER"]

1. e4 c5 2. Nf3 d6 3. d4 cxd4 4. Qxd4 Nc6 5. Bb5 Bd7 6. Bxc6 Bxc6 7. Nc3 e6 8. Bg5 Nf6 9. 0-0-0 Be7 10. Qd3 Qa5 11. h4 a6 12. Nd4 Rd8 13. Kb1 h6 14. Bxf6 Bxf6 15. f4 Qb6 16. Nde2 Qc5 17. g4 b5 18. g5 Bxc3 19. Nxc3 b4 20. Ne2 Bb5 21. Qf3 hxg5 22. hxg5 Rxh1 23. Rxh1 Rc8 24. Rh8+ Kd7 25. Rxc8 Kxc8 26. Nc1 Qd4 27. e5 d5 28. g6 fxg6 29. Qg4 Kd7 30. Qxg6 Qxf4 31. Qxg7+ Kc6 32. Qh8 Kc7 33. Qg7+ Kb6 34. Qh8 Kc7 35. Qg7+ 1/2-1/2

[Event "Staufer op 31st"]
[Site "Schwaebisch Gmuend"]
[Date "2019.01.05"]
[Round "7"]
[White "Heimrath, Reiner"]
[Black "Skembris, Spyridon"]
[Result "1/2-1/2"]
[WhiteElo "2232"]
[BlackElo "2386"]
[PlyCount "114"]
[EventDate "2019.01.02"]
[EventType "swiss"]
[EventRounds "9"]
[EventCountry "GER"]
[SourceTitle "CBM 188 Extra"]
[Source "ChessBase"]
[SourceDate "2019.02.26"]
[SourceVersion "1"]
[SourceVersionDate "2019.02.26"]
[SourceQuality "1"]

1. e4 c5 2. Nf3 g6 3. c3 d5 4. exd5 Qxd5 5. d4 Bg7 6. Na3 cxd4 7. Bc4 Qd8 8. 0-0 Nf6 9. Qxd4 Qxd4 10. Nxd4 a6 11. Re1 b5 12. Be2 Bb7 13. c4 Nfd7 14. Be3 b4 15. Nac2 e5 16. Nb3 a5 17. a3 a4 18. Nc5 Nxc5 19. Bxc5 b3 20. Nb4 e4 21. Rab1 f5 22. f3 Kf7 23. Red1 Re8 24. f4 Na6 25. Rd7+ Kg8 26. Bd4 Bxd4+ 27. Rxd4 Nxb4 28. axb4 Red8 29. Rxd8+ Rxd8 30. Kf2 Rd2 31. Ke3 Rc2 32. c5 Bd5 33. Bb5 Rxb2 34. Rxb2 a3 35. Rxb3 Bxb3 36. c6 Be6 37. c7 Kf8 38. Bc4 Bc8 39. Kd4 Ke7 40. Kc3 Kd6 41. Kb3 Kxc7 42. Kxa3 Kd6 43. Kb2 Be6 44. Be2 h6 45. Kc3 g5 46. g3 gxf4 47. gxf4 Kd5 48. Ba6 Bd7 49. Bc4+ Kd6 50. Kd4 Be6 51. Ba6 Bd7 52. Be2 Be6 53. Bh5 Bd7 54. Bg6 Kc6 55. Bf7 Kd6 56. Bc4 Be6 57. Bf1 Bd7 1/2-1/2